Normal view
MARC view
Entry Topical Term
001 - CONTROL NUMBER
- control field: 257685
003 - CONTROL NUMBER IDENTIFIER
- control field: OSt
005 - DATE AND TIME OF LATEST TRANSACTION
- control field: 20260305101044.0
008 - FIXED-LENGTH DATA ELEMENTS
- fixed length control field: 260305|| aca||aabn | a|a d
040 ## - CATALOGING SOURCE
- Original cataloging agency: OSt
- Transcribing agency: OSt
150 ## - HEADING--TOPICAL TERM
- Topical term or geographic name entry element: Pycharm and Jupyter
670 ## - SOURCE DATA FOUND
- Source citation: Work cat.: (OSt)241004: Nageswara Rao R 257682, Core Python Programming Rev Ed 3, 2021